| 000 | 00467cam a22001934a 4500 | ||
|---|---|---|---|
| 005 | 20250605163440.0 | ||
| 008 | 250528s ||||||||||||||||||||||||d | ||
| 035 | _a19471 | ||
| 020 | _a9602863692 | ||
| 040 |
_aGR-AtMCL _bgre _dGR-AtMCL _eAACR2 |
||
| 245 | 1 | _aΕΥΡΩΠΑΙΚΗ ΕΝΟΠΟΙΗΣΗ | |
| 250 | _a2 | ||
| 260 |
_bΈλλην, _c1999 |
||
| 300 | _a274 | ||
| 700 | 1 | _aΣαρρης Νικος | |
| 942 | _cBK | ||
| 999 |
_c4727 _d4727 |
||